Κατάλογος Βιβλιοθηκών Mediterranean College

Designing the User Interface / Strategies for Effective Human-Computer Interaction (Record no. 1129)

MARC details
000 -LEADER
fixed length control field 01303cam a22002054a 4500
005 - ΗΜΕΡΟΜΗΝΙΑ ΚΑΙ ΩΡΑ ΤΕΛΕΥΤΑΙΑΣ ΕΝΗΜΕΡΩΣΗΣ
Πεδίο ελέγχου 20250605163959.0
008 - FIXED-LENGTH DATA ELEMENTS--GENERAL INFORMATION
Πεδίο ελέγχου σταθερού μήκους 250528s ||||||||||||||||||||||||d
035 ## - SYSTEM CONTROL NUMBER
System control number 15558
020 ## - ISBN
ISBN 201694972
040 ## - ΠΗΓΗ ΚΑΤΑΛΟΓΟΓΡΑΦΗΣΗΣ
Φορέας πρωτότυπης καταλογογράφησης MC Athens Campus Library
Γλώσσα καταλογογράφησης Ελληνικά, Μοντέρνα (1453-)
Modifying agency MC Athens Campus Library
Κανόνες περιγραφικής καταλογογράφησης AACR2
245 1# - ΤΙΤΛΟΣ ΚΑΙ ΔΗΛΩΣΗ ΥΠΕΥΘΥΝΟΤΗΤΑΣ
Τίτλος Designing the User Interface / Strategies for Effective Human-Computer Interaction
250 ## - EDITION STATEMENT
Edition statement 3rd
260 ## - PUBLICATION, DISTRIBUTION, ETC.
Name of publisher, distributor, etc. Addison-Wesley Publishing Company,
Date of publication, distribution, etc. 1998
300 ## - PHYSICAL DESCRIPTION
Extent 644
520 ## - SUMMARY, ETC.
Summary, etc. A complete, current, and authoritative introduction to user-interface design. Human Factors of Interactive Software, Theories and Principles and Guidelines, Managing Design Processes, Expert Reviews and Usability Testing and Surveys and Continuing Assessments, Software Tools, Direct Manipulation and Virtual Environments, Menu Selection and Form Filling and Dialog Boxes, Command and Natural Languages, Interaction Services, Response Time and Display Rate, Presentation Styles: Balancing Function and Fashion, Printed Manuals and Online Help and Tutorials, Multiple-Window Strategies, Computer-Supported Cooperative Work, Information Search and Visualization, Hypermedia and the World Wide Web, Societal and Individual Impact of User Interfaces, Index.
700 1# - ΠΡΟΣΘΕΤΗ ΑΝΑΓΡΑΦΗ--ΦΥΣΙΚΟ ΠΡΟΣΩΠΟ
Personal name Shneiderman Ben
9 (RLIN) 1510
942 ## - ADDED ENTRY ELEMENTS (KOHA)
Koha item type Books
Holdings
Τύπος τεκμηρίου Βιβλιοθήκη Τρέχουσα τοποθεσία Barcode Αριθμός εισαγωγής Ημερομηνία απόκτησης Ταξιθετικό σύμβολο Αριθμός αντιτύπου Κατάσταση απόσυρσης Κατάσταση χαμένου Κατάσταση κατεστραμμένου Μη δανεισμός Σύνολο δανεισμών Ημερομηνία τελευταίας εμφάνισης Η τιμή ισχύει από
Books MC Athens Campus Library MC Athens Campus Library 9780000011282 1905 05/06/2025 004.019 SHN 1           05/06/2025 05/06/2025

MC Athens Campus Library
Πατησίων 94 & Κοδριγκτώνος 13, 104 34
Πελλήνης 8 & Πατησίων 107, 112 51
Τ: +30 210 8899600

MC Thessaloniki Campus Library
Ίωνος Δραγούμη 21, 54625 | Ίωνος Δραγούμη 15, 54625
Τ: +30 2310 287779 – Τ: +30 2314 440300